000 00964nam a2200277 a 4500
005 20100329101316.0
008 001114r20011999ilua 000 1 eng
020 _a9780006512134
_c395.00
037 _bAakar Books
040 _adpl
_bEnglish
082 _a813.54
100 _aParsons, Tony
245 _aMan and boy /
_cby Tony Parsons
260 _aLondon
_bHarper
_c2008
270 _a77-85 Fulham Place Road, Hammersmith,
_bLondon
300 _a344 p.
_c21 cm(pbk)
650 _aAdult children of aging parents
_vFiction.
650 _aWorld War, 1914-1918
_xVeterans
_vFiction.
650 _aMotherless families
_vFiction.
650 _aFathers and sons
_vFiction.
650 _aBoys
_vFiction.
655 _aDomestic fiction.
_2lcsh
942 _2ddc
_cEN
_h813.54
_mPAR
999 _c34894
_d34894